000 00693nam a2200241Ia 4500
003 OSt
005 20220918174839.0
006 a|||||r|||| 00| 0
007 ta
008 220917b |||||||| |||| 00| 0 eng d
024 _a14,413
037 _cTextual
040 _aARTS
_cARTS
_beng
041 _2eng
_aeng
082 _aNT56,Nz7, K5
100 _aMarowitz Charles ed
_951980
245 0 _aNew theatre voices of the fifties and sixties
_b Selections from encore Magazine 1956-1963
260 _aLondon
_bEyre Methuen
_c1965
300 _a308p. illus
_ccm.
650 _aARTS
942 _hNT56,Nz7, K5
_cTEXL
_2CC
999 _c154961
_d154961